Contemporary engineering economics (Record no. 2014)

000 -LEADER
fixed length control field 00571nam a22002054a 4500
001 - CONTROL NUMBER
control field 2014
003 - CONTROL NUMBER IDENTIFIER
control field BD-DhUET
008 - FIXED-LENGTH DATA ELEMENTS--GENERAL INFORMATION
fixed length control field 160220b xxu||||| |||| 00| 0 eng d
020 ## - INTERNATIONAL STANDARD BOOK NUMBER
International Standard Book Number 0130893102
040 ## - CATALOGING SOURCE
Original cataloging agency DLC
Transcribing agency DLC
Modifying agency BD-DhUET
Language of cataloging 0
082 00 - DEWEY DECIMAL CLASSIFICATION NUMBER
Classification number 658.15
Item number PAR/2002
100 1# - MAIN ENTRY--PERSONAL NAME
Personal name Park, Chan S.
245 10 - TITLE STATEMENT
Title Contemporary engineering economics
Statement of responsibility, etc. by Chan S. Park
250 ## - EDITION STATEMENT
Edition statement 3rd ed.
260 ## - PUBLICATION, DISTRIBUTION, ETC. (IMPRINT)
Place of publication, distribution, etc. New Jersey
Name of publisher, distributor, etc. Prentice Hall
Date of publication, distribution, etc. 2002
300 ## - PHYSICAL DESCRIPTION
Extent xxxi, 920 p.
Other physical details ill. (some col.), map
Dimensions 24 cm.
504 ## - BIBLIOGRAPHY, ETC. NOTE
Bibliography, etc Includes bibliographies
650 #0 - SUBJECT ADDED ENTRY--TOPICAL TERM
Topical term or geographic name as entry element Engineering economy
942 ## - ADDED ENTRY ELEMENTS (KOHA)
Koha item type General Book
Holdings
Date acquired Koha normalized classification for sorting Not for loan Koha item type Koha issues (times borrowed) Damaged status Shelving location Koha full call number Koha date last borrowed Price effective from Copy number Location (home branch) Withdrawn status Lost status Koha date last seen Sublocation or collection (holding branch) Piece designation (barcode) Source of classification or shelving scheme
2014-09-16658_000000000000000_15PAR2002 General Book  Circulation section658.15/PAR/2002 2014-09-161Central Library, BUET  2014-09-16Central Library, BUET102575 
2014-09-16658_000000000000000_15PAR2002 General Book  Circulation section658.15/PAR/2002 2014-09-162Central Library, BUET  2014-09-16Central Library, BUET102580 
2014-09-16658_000000000000000_15PAR2002 General Book1 Circulation section658.15/PAR/20022018-11-122014-09-163Central Library, BUET  2019-04-13Central Library, BUET102574 
2014-09-16658_000000000000000_15PAR2002 General Book  Circulation section658.15/PAR/2002 2014-09-164Central Library, BUET  2014-09-16Central Library, BUET102579 
2014-09-16658_000000000000000_15PAR2002 General Book  Circulation section658.15/PAR/2002 2014-09-165Central Library, BUET  2014-09-16Central Library, BUET102581 
2014-09-16658_000000000000000_15PAR2002 General Book  Circulation section658.15/PAR/2002 2014-09-166Central Library, BUET  2014-09-16Central Library, BUET102576 
2014-09-16658_000000000000000_15PAR2002 General Book  Circulation section658.15/PAR/2002 2014-09-167Central Library, BUET  2014-09-16Central Library, BUET102578 
2014-09-16658_000000000000000_15PAR2002 General Book  Circulation section658.15/PAR/2002 2014-09-168Central Library, BUET  2014-09-16Central Library, BUET102577 
2014-09-16658_000000000000000_15PAR2002 General Book  Circulation section658.15/PAR/2002 2014-09-169Central Library, BUET  2014-09-16Central Library, BUET102573 
2006-06-26658_150000000000000_PAR_2002 General Book  Circulation section658.15/PAR/2002 2017-04-1510Central Library, BUET  2017-04-15Central Library, BUET102582